000 01177cam a22002651i 4500
003 SA-RiAUC
005 20250515073219.0
008 250513q19001999ua g i000 0 ara c
040 _aQA-DoQUL
_bara
_cSA-RiAUC
_erda
043 _ama-----
082 0 4 _a253.1
_qSA-RiAUC
090 _a253.1
_b ب ع ل
100 1 _aالبعلي، عبد الحميد محمود،
_d1942-
_eمؤلف.
245 1 0 _aعقد العارية :
_bدراسة مقارنة في الفقه الإسلامي وموازنة بالقانون الوضعي في البلاد العربية /
_cعبد الحميد محمود البعلي.
264 1 _aالقاهرة :
_bالاتحاد الدولي للبنوك الإسلامية،
_c[بين 1900 و1999]
300 _a114 صفحة ؛
_c24 سم
336 _aنص
_btxt
_2rdacontent
_3كتاب
337 _aبدون وسيط
_bn
_2rdamedia
338 _aمجلد
_bnc
_2rdacarrier
650 7 _aالعارية (فقه إسلامي)
_2aucsh
650 7 _aالعقود (فقه إسلامي)
_2aucsh
650 7 _aالعقود (قانون مدني)
_zالبلاد العربية
_2aucsh
942 _2ddc
_cBOOK
_n0
949 _aSA-JeALM
_d250513
_uosman123
_n1
999 _c7942
_d7942